Lesiones psicológicas en los accidentes de tránsito (Registro nro. 3583)

Detalles MARC
000 -Cabecera
Campo de control de longitud fija 01118nam a22004217a 4500
005 - Fecha y hora de la última transacción
Campo de control 20250918115535.0
008 - Elementos de longitud fija--Información general
Campo de control de longitud fija 150303b2011 xxu||||| |||| 00| 0 spa d
020 ## - International Standard Book Number
Número Internacional Estándar del Libro (ISBN) 9789875171336
041 ## - Idioma
Código de idioma Español
082 ## - Clasificación Decimal Dewey
Número de clasificación 363.125.65 T137le
100 ## - Entrada principal--Autor personal
Nombre personal Talarico Pinto, Irene
9 (RLIN) 29788
245 ## - Título propiamente dicho
Título Lesiones psicológicas en los accidentes de tránsito
260 ## - Pie de imprenta
Lugar de publicación, distribución, etc. Argentina
260 ## - Pie de imprenta
Nombre del editor, distribuidor, etc. La Rocca
260 ## - Pie de imprenta
Fecha de publicación, distribución, etc. 2011
300 ## - Descripción física
Extensión 263 páginas
490 ## - Serie
Título de la Serie Investigación Criminal
650 ## - Materia general
Temática (materia general) ACCIDENTOLOGÍA
650 ## - Materia general
Temática (materia general) ACCIDENTES DE TRÁNSITO
650 ## - Materia general
Temática (materia general) PSICOLOGÍA INDUSTRIAL
650 ## - Materia general
Temática (materia general) HISTORIA DEL TRANSPORTE
650 ## - Materia general
Temática (materia general) DROGAS
650 ## - Materia general
Temática (materia general) VIGILIA
650 ## - Materia general
Temática (materia general) FACTOR HUMANO DEL CONDUCTOR
650 ## - Materia general
Temática (materia general) ESCENARIO DEL ACCIDENTE
650 ## - Materia general
Temática (materia general) ALCOHOLISMO
650 ## - Materia general
Temática (materia general) FATIGA
650 ## - Materia general
Temática (materia general) CONDICIONES CLIMATICAS
650 ## - Materia general
Temática (materia general) AGRESIÓN
650 ## - Materia general
Temática (materia general) ESTRÉS
650 ## - Materia general
Temática (materia general) ESTRÉS POSTRAUMÁTICO
650 ## - Materia general
Temática (materia general) PANICO
650 ## - Materia general
Temática (materia general) ANSIEDAD
650 ## - Materia general
Temática (materia general) DAÑO PSICOLÓGICO
650 ## - Materia general
Temática (materia general) DAÑO ESTÉTICO
650 ## - Materia general
Temática (materia general) PREVENCIÓN DE ACCIDENTES
942 ## - Punto de acceso adicional KOHA
Tipo de ítem KOHA Libro
Fuente del sistema de clasificación o colocación Dewey Decimal Classification
Existencias
Signatura completa Código de barras Programa Académico Tipo de ítem
363.125.65 T137le 18566 Investigación Criminal Libro